Statystyki dla wszyscy bohaterowie Natarcie w Overwatch 2

Kliknij tutaj aby rozwiązać quiz!

Ogólne statystyki

  • Ten quiz został rozwiązany 33 razy
  • Średni wynik to 11 z 17

Statystyki odpowiedzi

Bohater% Poprawnych
Żołnierz 76
83%
Genji
78%
Hanzo
78%
Bastion
72%
Żniwiarz
72%
Ashe
67%
Złomiarz
67%
Mei
61%
Smuga
61%
Sombra
61%
Trupia Wdowa
61%
Cassidy
56%
Symmetra
56%
Torbjorn
56%
Fara
50%
Echo
44%
Sojourn
39%

Rozkład punktacji

Percentyl według liczby udzielonych odpowiedzi

Procent ludzi z każdym wynikiem

Twoja historia wyników

Nie rozwiązałeś tego quizu